000 00726nam a22002057a 4500
999 _c15743
_d15743
003 OSt
005 20201116110900.0
008 181213b ||||| |||| 00| 0 eng d
022 _a0730-3084
040 _c0
082 _aDPer 613.705 J863 Sept 2015-Apr 2016 v. 86-87
100 _aBeard, Judy.
_933108
245 _aImplementing portfolios in physical education/
_b
_cJudy Beard, Ferman Konukman-Editor.
260 _aPhiladelphia:
_bShape America-Society of Health and Physical Educators,
_c©Sept 2015-Apr 2016.
300 _av86, n7, pages 48-49:
_billustrations;
_c28 cm.
500 _aJOPERD
650 _aPhysical education.
_2Porfolio.
_v
_933110
700 _aKonukman, Ferman.
_eEditor.
_942559
942 _2ddc
_cPER